000 00566nam a22001817a 4500
005 20160725112543.0
010 _aENG-115511
020 _a9789381384145
_c150.00
035 _aEN-99043
037 _bDBAD/PUB
082 _a153.69
100 _aSharma,Vinay Mohan
245 _a Body language :
_cVinay Mohan Sharma
_bthe art of reading gestures & postures /
260 _aNew Delhi
_bV & S Publishers
_c2015
270 _aF-2/16,Ansari Road,Daryaganj
_bNew Delhi
_e110002
300 _a119p. :
_c21cm(pbk)
_bill
942 _2ddc
_cEN
_h153.69
_mSHA
999 _c101436
_d101436